|
|
|
|
| LEADER |
00000nam a22000007a 4500 |
| 005 |
20111103141933.0 |
| 008 |
111103s1997 sp |||||s|||| 00||0 spa d |
| 035 |
|
|
|a 5998
|
| 040 |
|
|
|a vLex
|
| 090 |
|
|
|c 2733
|d 2733
|
| 100 |
1 |
|
|a Serrano de Nicols̀, ℓngel
|
| 245 |
1 |
4 |
|a Los elementos comunes en la propiedad horizontal (Aspectos jurd̕ico reales)
|h [Recurso electrn̤ico] /
|c ℓngel Serrano de Nicols̀
|
| 256 |
|
|
|a Servicio en ln̕ea.
|
| 260 |
|
|
|a Barcelona:
|b Universitat de Barcelona,
|c 1997
|
| 300 |
|
|
|a 1 recurso electrn̤ico
|
| 506 |
1 |
|
|a Contenido solo disponible en los productos indicados
|d vLex Global
|d vLex Global (Academic Edition, excluding Law Schools)
|d vLex Global (U.S. Academic Edition, Law Schools)
|d vLex Global (U.S. Academic Edition, excluding Law Schools)
|d vLex Global (Academic Edition, Law Schools)
|
| 650 |
0 |
4 |
|a Propiedad horizontal
|z Espaą
|
| 740 |
0 |
|
|a vLex Libros (Servicio en ln̕ea)
|
| 856 |
4 |
0 |
|u http://vlex.com/source/elementos-comunes-propiedad-horizontal-5998
|z Acceso restringido
|
| 942 |
|
|
|c BOOK
|